000 00686nam a22002057a 4500
003 NUST - PNEC
005 20170116181204.0
008 160222b xxu||||| |||| 00| 0 eng d
020 _a9781608074686
040 _cLIBRARY
082 _a621.382 SAR
100 _916581
_aSarkar, Subir Kumar
245 _aWireless sensor and ad hoc networks under diversified network scenarios
_cSubir Kumar Sarkar
250 _a-
260 _aNorwood :
_bArtech House
_cc.2012
300 _a260 pages
650 _916582
_aWireless sensor networks
_xComputer, MIS
856 _uhttp://www.amazon.in/s/ref=nb_sb_noss?url=search-alias%3Dstripbooks&field-keywords=9781608074686
942 _2ddc
_cBK
999 _c71568
_d71568